000 01341nam0a2200337 4500
001 RU\NLR\BIBL_A\011487904
005 20260405145533.0
010 _a9785990905571
_9500
021 _aRU
_b2017-66046
_94673
035 _a(RuMoRGB)009380613
035 _a(NLR Aleph) 011487904
090 _a11929873
_c11929873
100 _a20171003d2017 u y0rusy50 ca
101 0 _arus
102 _aRU
105 _aychzzz00010zy
200 1 _aЗнай наших!
_fВ. В. Фёдоров
205 _a2-е изд., исправл. и доп.
210 _aНижний Новгород
_cБегемотНН
_d2017
215 _a318, [1] с.
_cил., портр., факс.
_d25
300 _aНа авантит.: 800-летию Нижнего Новгорода посвящается …
333 _a12+
601 1 2 _aВсероссийская промышленная и художественная выставка
_eНижний Новгород, город
_f1896
_92314082
_3RU\NLR\AUTH\6601610177
686 1 _aУ9(28)л6
686 2 _aШ6(2=Р)8-464.1
700 1 _8rus
_7ca
_aФедоров
_bВ. В.
_cжурналист
_f1947-
_gВячеслав Вениаминович
_3RU\NLR\AUTH\7760945
_943875
942 _cBOOK
980 _aNBR